Our constitution (Record no. 147722)
[ view plain ]
| 000 -LEADER | |
|---|---|
| fixed length control field | 00565nam a2200205Ia 4500 |
| 003 - CONTROL NUMBER IDENTIFIER | |
| control field | OSt |
| 005 - DATE AND TIME OF LATEST TRANSACTION | |
| control field | 20250901162937.0 |
| 008 - FIXED-LENGTH DATA ELEMENTS--GENERAL INFORMATION | |
| fixed length control field | 210210b2001 xxu||||| |||| 00| 0 eng d |
| 020 ## - INTERNATIONAL STANDARD BOOK NUMBER | |
| International Standard Book Number | 9788123707341 |
| 040 ## - CATALOGING SOURCE | |
| Transcribing agency | AL |
| 041 ## - LANGUAGE CODE | |
| Language code of text/sound track or separate title | eng |
| 082 ## - DEWEY DECIMAL CLASSIFICATION NUMBER | |
| Classification number | 342 KASO |
| 100 ## - MAIN ENTRY--PERSONAL NAME | |
| Personal name | Subhash C Kashyap |
| 9 (RLIN) | 238156 |
| 245 ## - TITLE STATEMENT | |
| Title | Our constitution |
| Remainder of title | : an introduction to Indias constitution and constitutional law |
| 260 ## - PUBLICATION, DISTRIBUTION, ETC. | |
| Place of publication, distribution, etc. | New Delhi |
| Name of publisher, distributor, etc. | National Book trust, India |
| Date of publication, distribution, etc. | 2001 |
| 300 ## - PHYSICAL DESCRIPTION | |
| Extent | xxvi,416p |
| 690 ## - LOCAL SUBJECT ADDED ENTRY--TOPICAL TERM (OCLC, RLIN) | |
| Topical term or geographic name as entry element | Indian Constitution |
| 9 (RLIN) | 238166 |
| 906 ## - LOCAL DATA ELEMENT F, LDF (RLIN) | |
| a | 066515 |
| 942 ## - ADDED ENTRY ELEMENTS (KOHA) | |
| Source of classification or shelving scheme | Dewey Decimal Classification |
| Koha item type | Book |
| Withdrawn status | Lost status | Source of classification or shelving scheme | Damaged status | Not for loan | Collection code | Home library | Current library | Date acquired | Source of acquisition | Cost, normal purchase price | Total Checkouts | Full call number | Barcode | Date last seen | Price effective from | Koha item type |
|---|---|---|---|---|---|---|---|---|---|---|---|---|---|---|---|---|
| Dewey Decimal Classification | Human Rights | St Aloysius Library | St Aloysius Library | 02/17/2021 | Navakarnataka Publication Pvt Ltd Mangalore | 125.00 | 342 KASO | 066515 | 02/17/2021 | 02/17/2021 | Book |